Nosotros. Manual para disolver el Capitalismo

Gespeichert in:
Bibliographische Detailangaben
1. Verfasser: Espinoza Lolas, Ricardo Andrés (autor)
Format: Unbekannt
Sprache:Englisch
Veröffentlicht: Madrid, España. Ediciones Morata, 2019
Schlagworte:
Tags: Tag hinzufügen
Keine Tags, Fügen Sie den ersten Tag hinzu!

MARC

LEADER 00000 a2200000 4500
003 CL-VaPUC
005 20231204171922.0
008 210422b ||||| |||| 00| 0 eng d
999 |c 432468  |d 432466 
020 |a 97-88471129574 
040 |c Pontificia Universidad Católica de Valparaíso 
082 |a 303.48 ESP 2019 
100 |a Espinoza Lolas, Ricardo Andrés  |e autor  |9 500477 
245 1 |a Nosotros.   |b Manual para disolver el Capitalismo 
260 |a Madrid, España.   |b Ediciones Morata,  |c 2019 
300 |a 299 páginas  
583 |k Cristina Rojas  |c 20210422 
650 0 |a Cambio social   |x Capitalismo   |9 256857 
650 0 |a Movimiento anti-globalización   |9 861171  |z España  
650 0 |a Capitalismo  |9 255255  |x Filosofía  
942 |2 ddc  |c BK 
952 |0 0  |1 0  |2 ddc  |4 0  |6 303_480000000000000_ESP_2019  |7 0  |8 A  |9 577963  |a BIBEDU  |b BIBEDU  |d 2021-06-02  |e 3  |g 14625.00  |i 5583896  |l 6  |o 303.48 ESP 2019  |p 5583896  |r 2024-04-19  |s 2024-04-17  |t 1  |v 14625.00  |w 2021-06-02  |y BK  |k FIL